LEADER 01249nam0-2200361---450- 001 990001010510203316 010 $a88-14-04406-6 035 $a0101051 035 $aUSA010101051 035 $a(ALEPH)000101051USA01 035 $a0101051 100 $a20020301d1993----km-y0ITAy01------ba 101 $aita 102 $aIT 105 $a||||||||001yy 200 1 $aVerso un diritto del lavoro europeo$ela disciplina dei trasferimenti d'azienda e dei licenziamenti collettivi$eatti del Convegno di Catania, 25-26 ottobre 1991$fa cura di Salvatore Pagano 210 $aMilano$cGiuffrè$d1993 215 $aVI, 278 p.$d24 cm 225 $aCentro nazionale studi di diritto del lavoro Domenico Napoletano$v21 410 1$12001$aCentro nazionale studi di diritto del lavoro Domenico Napoletano$v21 606 0 $aDiritto del lavoro$yEuropa 676 $a344.401 702 1$aPAGANO,$bSalvatore 801 0$aIT$bsalbc$gISBD 912 $a990001010510203316 951 $aCOLL GAF 21$b4096 G$cCOLL GAF 959 $aBK 969 $aGIU 979 $aPATTY$b90$c20020301$lUSA01$h1718 979 $c20020403$lUSA01$h1742 979 $aPATRY$b90$c20040406$lUSA01$h1710 996 $aVERSO un diritto del lavoro europeo$9645824 997 $aUNISA LEADER 01866oam 2200517M 450 001 9910716118603321 005 20200213070936.5 035 $a(CKB)5470000002518932 035 $a(OCoLC)1065616837 035 $a(OCoLC)995470000002518932 035 $a(EXLCZ)995470000002518932 100 $a20071213d1926 ua 0 101 0 $aeng 135 $aurcn||||||||| 181 $ctxt$2rdacontent 182 $cc$2rdamedia 183 $acr$2rdacarrier 200 10$aPunishment for assault upon letter or mail carriers. February 19, 1926. -- Referred to the House Calendar and ordered to be printed 210 1$a[Washington, D.C.] :$c[U.S. Government Printing Office],$d1926. 215 $a1 online resource (6 pages) 225 1 $aHouse report / 69th Congress, 1st session. House ;$vno. 326 225 1 $a[United States congressional serial set ] ;$v[serial no. 8531] 300 $aBatch processed record: Metadata reviewed, not verified. Some fields updated by batch processes. 300 $aFDLP item number not assigned. 606 $aAssault and battery 606 $aLegislative amendments 606 $aPunishment 606 $aTaxicabs 606 $aTaxicab drivers 606 $aPostal service$xEmployees 608 $aLegislative materials.$2lcgft 615 0$aAssault and battery. 615 0$aLegislative amendments. 615 0$aPunishment. 615 0$aTaxicabs. 615 0$aTaxicab drivers. 615 0$aPostal service$xEmployees. 701 $aGraham$b George Scott$f1850-1931$pRepublican (PA)$01386798 801 0$bWYU 801 1$bWYU 801 2$bOCLCO 801 2$bOCLCQ 906 $aBOOK 912 $a9910716118603321 996 $aPunishment for assault upon letter or mail carriers. February 19, 1926. -- Referred to the House Calendar and ordered to be printed$93441259 997 $aUNINA